Kinh tế thế giới hiện đại (Sơ khảo theo quan điểm địa lý) : Nhập môn kinh tế nông nghiệp . t. I /
में बचाया:
| मुख्य लेखक: | |
|---|---|
| स्वरूप: | Sách giấy |
| भाषा: | Vietnamese |
| प्रकाशित: |
[k.đ] :
[knxb] ,
|
| टैग : |
टैग जोड़ें
कोई टैग नहीं, इस रिकॉर्ड को टैग करने वाले पहले व्यक्ति बनें!
|
| Thư viện lưu trữ: | Thư viện Trường Đại học Đà Lạt |
|---|
| LEADER | 00667nam a2200253 4500 | ||
|---|---|---|---|
| 001 | DLU020014426 | ||
| 005 | ##6/28/2000 | ||
| 020 | # | # | |a 978- |
| 041 | # | # | |a vie |
| 082 | # | # | |a 330.9 |b NG-N |
| 090 | # | # | |a 330.9 |b NG-N |
| 100 | # | # | |a Nguyễn Hoà Nhã |
| 245 | # | # | |a Kinh tế thế giới hiện đại (Sơ khảo theo quan điểm địa lý) : |b Nhập môn kinh tế nông nghiệp . |n t. I / |c Nguyễn Hoà Nhã |
| 260 | # | # | |a [k.đ] : |b [knxb] , |c 0 |
| 300 | # | # | |a 99 tr.; |c 26 cm. |
| 992 | # | # | |a 148 |
| 994 | # | # | |a DLU |
| 900 | # | # | |a False |
| 911 | # | # | |a Administrator |
| 925 | # | # | |a G |
| 926 | # | # | |a A |
| 927 | # | # | |a SH |
| 980 | # | # | |a Thư viện Trường Đại học Đà Lạt |